Radio wave scattering in the interstellar medium (Record no. 9743)

MARC details
000 -LEADER
fixed length control field 00787nam a2200241Ia 4500
003 - CONTROL NUMBER IDENTIFIER
control field IN-BaIIA
008 - FIXED-LENGTH DATA ELEMENTS--GENERAL INFORMATION
fixed length control field 211028s9999 xx 000 0 eng d
020 ## - INTERNATIONAL STANDARD BOOK NUMBER
International Standard Book Number 0-88318-374-9
040 ## - CATALOGING SOURCE
Transcribing agency IIA Library
080 ## - UNIVERSAL DECIMAL CLASSIFICATION NUMBER
Universal Decimal Classification number 524.572-656(063)
Item number RAD
100 ## - MAIN ENTRY--PERSONAL NAME
Personal name Cordes, James M.
9 (RLIN) 16485
245 #0 - TITLE STATEMENT
Title Radio wave scattering in the interstellar medium
Statement of responsibility, etc. James M. Cordes
260 ## - PUBLICATION, DISTRIBUTION, ETC.
Place of publication, distribution, etc. New York
Name of publisher, distributor, etc. American Institute of Physics
Date of publication, distribution, etc. 1988
300 ## - PHYSICAL DESCRIPTION
Extent 230p.
490 ## - SERIES STATEMENT
Series statement AIP conference proceedings; v. 174
650 ## - SUBJECT ADDED ENTRY--TOPICAL TERM
Topical term or geographic name entry element Astronomy and astrophysics thesaurus
650 ## - SUBJECT ADDED ENTRY--TOPICAL TERM
Topical term or geographic name entry element Interstellar medium
9 (RLIN) 3375
650 ## - SUBJECT ADDED ENTRY--TOPICAL TERM
Topical term or geographic name entry element Radio waves
9 (RLIN) 2150
650 ## - SUBJECT ADDED ENTRY--TOPICAL TERM
Topical term or geographic name entry element Scattering
9 (RLIN) 3302
700 ## - ADDED ENTRY--PERSONAL NAME
Personal name Backer, Donald C
9 (RLIN) 16486
700 ## - ADDED ENTRY--PERSONAL NAME
Personal name Rickett, Barney J
9 (RLIN) 16487
942 ## - ADDED ENTRY ELEMENTS (KOHA)
Koha item type Books
Holdings
Withdrawn status Lost status Damaged status Not for loan Home library Current library Shelving location Date acquired Cost, normal purchase price Total Checkouts Full call number Barcode Date last seen Cost, replacement price Price effective from Koha item type Purchase Price
        IIA Library-Bangalore IIA Library-Bangalore General Stacks   119.52   524.572-656(063)/ RAD 10653 05/11/2021 119.52   Books Rs. 119.52

Powered by Koha